[Event "Zagreb GP U16"]
[Site "Zagreb"]
[Date "2013.06.04"]
[Round "5"]
[White "Sarcevic, Petar"]
[Black "Golub, Nikolina"]
[Result "0-1"]
[WhiteElo "1684"]
[BlackElo "1883"]
[PlyCount "138"]
[EventDate "2013.05.26"]
[EventType "swiss"]
[EventRounds "6"]
[EventCountry "CRO"]
[SourceTitle "CBM 154 Extra"]
[Source "ChessBase"]
[SourceDate "2013.06.25"]
[SourceVersion "2"]
[SourceVersionDate "2013.06.25"]
[SourceQuality "1"]

1. e4 c5 2. b3 d6 3. c4 Nf6 4. Nc3 e5 5. Bd3 Nc6 6. Nf3 Be7 7. 0-0 Bg4 8. h3 Bh5 9. Be2 Bg6 10. d3 0-0 11. Nd5 h6 12. Nxe7+ Qxe7 13. Nh4 Bh7 14. Nf5 Bxf5 15. exf5 Nd4 16. Bg4 Nxg4 17. Qxg4 Qf6 18. Bb2 Nxf5 19. Bc1 Nd4 20. f4 Qe6 21. f5 Qf6 22. Bb2 b6 23. Bxd4 cxd4 24. g3 Rfe8 25. Qh4 Qxh4 26. gxh4 e4 27. dxe4 Rxe4 28. f6 g6 29. h5 g5 30. Rae1 Rae8 31. Rxe4 Rxe4 32. Rf5 Re5 33. Rf2 Kf8 34. Rg2 Ke8 35. Kf1 Kd7 36. h4 gxh4 37. Rg7 Rf5+ 38. Kg2 Rxf6 39. Kh3 d3 40. Kxh4 d2 41. Rg1 Re6 42. Rd1 Re2 43. Kg3 Ke6 44. Kf3 Rh2 45. Ke3 a5 46. a3 Rh3+ 47. Kxd2 Rxb3 48. Re1+ Kd7 49. Ra1 Rh3 50. Rb1 Kc6 51. Rf1 Rxh5 52. Rxf7 Rh2+ 53. Kc3 Rh3+ 54. Kb2 h5 55. Rf8 h4 56. Rc8+ Kb7 57. Rf8 Re3 58. Rf7+ Kc6 59. Rf2 h3 60. Rh2 Rg3 61. Rh1 a4 62. Kc2 Rxa3 63. Kd2 Kc5 64. Rc1 h2 65. Rh1 Kxc4 66. Rc1+ Kd4 67. Rf1 Ra2+ 68. Kc1 Ra1+ 69. Kd2 Rxf1 0-1

[Event "Zagreb GP U16"]
[Site "Zagreb"]
[Date "2013.05.28"]
[Round "4"]
[White "Dutkovic, Dominik"]
[Black "Sarcevic, Petar"]
[Result "1-0"]
[WhiteElo "1771"]
[BlackElo "1684"]
[PlyCount "103"]
[EventDate "2013.05.26"]
[EventType "swiss"]
[EventRounds "6"]
[EventCountry "CRO"]
[SourceTitle "CBM 154 Extra"]
[Source "ChessBase"]
[SourceDate "2013.06.25"]
[SourceVersion "2"]
[SourceVersionDate "2013.06.25"]
[SourceQuality "1"]

1. c4 e5 2. d3 Nf6 3. Nf3 Nc6 4. g3 Bc5 5. Bg2 0-0 6. 0-0 d6 7. a3 h6 8. e3 e4 9. dxe4 Nxe4 10. b4 Qf6 11. Ra2 Bb6 12. Bb2 Qe6 13. Nbd2 d5 14. c5 d4 15. Ra1 Nxc5 16. bxc5 Bxc5 17. exd4 Bb6 18. Nb3 Qc4 19. Rc1 Qa4 20. Re1 Be6 21. Nc5 Qxd1 22. Rcxd1 Bc8 23. Ne5 Nxe5 24. Rxe5 f6 25. Bd5+ Kh8 26. Re7 Rd8 27. Bf3 Bxc5 28. dxc5 Rf8 29. Rde1 Bh3 30. Bxb7 Rab8 31. c6 Bg4 32. Rxc7 Bf3 33. Ree7 Rfd8 34. Red7 Re8 35. Bc3 Rbd8 36. Rxd8 Rxd8 37. Kf1 Rd3 38. Be1 Rxa3 39. Rd7 Ra1 40. Rd3 Be4 41. Re3 Bd5 42. Ke2 Bc4+ 43. Rd3 Ra2+ 44. Bd2 Rc2 45. Ke3 Bxd3 46. Kxd3 Rc5 47. Be3 Rd5+ 48. Bd4 Rf5 49. Bxa7 Re5 50. c7 Re8 51. c8Q Rxc8 52. Bxc8 1-0

[Event "Zagreb GP U16"]
[Site "Zagreb"]
[Date "2013.05.26"]
[Round "1"]
[White "Sarcevic, Petar"]
[Black "Medak, Robert"]
[Result "1-0"]
[WhiteElo "1684"]
[BlackElo "1600"]
[PlyCount "49"]
[EventDate "2013.05.26"]
[EventType "swiss"]
[EventRounds "6"]
[EventCountry "CRO"]
[SourceTitle "CBM 154 Extra"]
[Source "ChessBase"]
[SourceDate "2013.06.25"]
[SourceVersion "2"]
[SourceVersionDate "2013.06.25"]
[SourceQuality "1"]

1. e4 d5 2. exd5 c6 3. dxc6 Nxc6 4. Bc4 e5 5. Qf3 Be6 6. Bxe6 fxe6 7. b4 Nf6 8. c3 Bd6 9. b5 Ne7 10. Qxb7 Rb8 11. Qxa7 0-0 12. a4 e4 13. Nh3 Qe8 14. Ng5 Ng4 15. Nxe4 Bxh2 16. f3 Qh5 17. Qxe7 Rbe8 18. Qg5 Qxg5 19. Nxg5 Bg3+ 20. Kf1 e5 21. Nxh7 Re7 22. Nxf8 Nf2 23. Kg1 Nxh1 24. Kxh1 Kxf8 25. Ba3 1-0